LEADER 01095nam a22002651i 4500 001 991000577009707536 005 20041004095555.0 008 041108s1994 it a||||||||||||||||ita 035 $ab13241321-39ule_inst 035 $aARCHE-117287$9ExL 040 $aDip.to Studi Storici$bita$cA.t.i. Arché s.c.r.l. Pandora Sicilia s.r.l. 082 04$a750.0794 100 1 $aPapa, Emilio Raffaele$068238 245 10$aBottai e l'arte: un fascismo diverso? :$bla politica culturale di Giuseppe Bottai e il Premio Bergamo, 1939-1942 /$cEmilio R. Papa 260 $aMilano :$bElecta,$cc1994 300 $a111 p. :$bill. ;$c24 cm 600 14$aBottai, Giuseppe$xAttività politico-culturale 650 4$aFascismo$xPolitica culturale 650 4$aPremio Bergamo$y1939-1942 907 $a.b13241321$b02-04-14$c12-11-04 912 $a991000577009707536 945 $aLE019 A 618$g1$i2019000083089$lle019$nC. 1$o-$pE0.00$q-$rl$s- $t0$u1$v1$w1$x0$y.i13930357$z12-11-04 996 $aBottai e l'arte: un fascismo diverso?$91100926 997 $aUNISALENTO 998 $ale019$b12-11-04$cm$da $e-$fita$git $h0$i1